Anger in the sky : a novel /

Saved in:
Bibliographic Details
Main Author: Ertz, Susan
Format: Book
Language:English
Published: London : Hodder & Stoughton, 1943.
LEADER 00734nam a2200205 a 4500
001 c000097342
003 CARM
005 00000000000000.0
008 960117s1943 enk 00001 eng d
019 1 |a 12088984  |z 3995109  |5 LACONCORD2021 
035 |a (OCoLC)5784837  |5 LACONCORD2021 
040 |a VLINC  |c VLINC 
100 1 |a Ertz, Susan. 
245 1 0 |a Anger in the sky :  |b a novel /  |c by Susan Ertz. 
260 |a London :  |b Hodder & Stoughton,  |c 1943. 
300 |a 340 p. ;  |c 19 cm. 
852 8 |b CARM  |h A2:AN36G0  |i A00639  |p 0097703  |f BK 
082 0 4 |a 823.912  |2 20 
999 f f |i a27dc9f0-04ae-514c-ae34-6f457333cc13  |s 4c2b9bb6-ee9b-54dc-94f3-390832fc18e3 
952 f f |p Can circulate  |a CAVAL  |b CAVAL  |c CAVAL  |d CARM 1 Store  |e A00639  |f A2:AN36G0  |h Other scheme  |i book  |m 0097703